000 00473nam a2200181Ia 4500
005 20250508163910.0
008 008 250505s9999 xx 000 0 eng d
037 _aTextual
040 _aFEDL
_beng
_cFEDL
041 _aeng
_2eng
084 _aB, TER
_qFEDL
100 _aChitkara M G
245 0 _aMother teresa
260 _aNew Delhi, India
_bAPH Publishing Corporation
_c1998
300 _a331p.
942 _cTEXL
_hB, TER
999 _c1385852
_d1385852